000 00216 a2200097 4500
001 49505
100 _aEliot
245 _aMill on the floss
260 _aGlasgow
_bCollins clear type press
_c
090 _c32035
_d32035
942 _aNUST-CAE
_cM
_c24487
999 _c284578
_d284578